República /

Guardado en:
Autor Principal: Platón
Formato: Libro
Publicado: Buenos Aires : Eudeba, 1978
Edición:2a. ed.
Materias:
Etiquetas: Agregar Etiqueta
Sin Etiquetas, Sea el primero en etiquetar este registro!
LEADER 00719nam a22002415a 4500
001 CEM.cems007165
005 20131025160724.0
008 130507s1978##################000#0#####d
003 CEMS
082 0 4 |a 184 
100 1 |a Platón 
245 1 0 |a República / 
250 |a 2a. ed. 
260 |a Buenos Aires :  |b Eudeba,  |c 1978 
300 |a 544 p.1 
653 |a Mito de la caverna 
653 |a Alegoría de la caverna 
653 |a Filosofía 
653 |a Filosofía clásica 
653 |a Filosofía girega 
859 |a CEMS  |b BIB. CEMS - 11 de abril  |h 184  |i P697-4a2  |p 7693.80  |t Ej.2 
859 |a CEMS  |b BIB. CEMS - 11 de abril  |h 184  |i P697-4a2  |p 7751.80  |t Ej.3 
859 |a CEMS  |b BIB. CEMS - 11 de abril  |h 184  |i P697-4a2  |p 7752.80  |t Ej.1